Le précepte de l'aumône chez Saint Thomas D'Aquin

Spremljeno u:
Bibliografski detalji
Glavni autor: Bouvier, Léon
Format: Knjiga
Jezik:francuski
Izdano: Montreal, Canada s.n 1935
Serija:Studia Collegii Maximi Immaculatae Conceptionis 1
Teme:
Oznake: Dodaj oznaku
Bez oznaka, Budi prvi tko označuje ovaj zapis!

MARC

LEADER 00000nam a2200000 a 4500
001 UCZ4832
003 CL-VaPUC
005 20240711162226.0
008 951110e19350000CN |||||||||||||||||fre|d
999 |c 241195  |d 241193 
040 |c Pontificia Universidad Católica de Valparaíso 
082 0 4 |a 189.4 BOU 1935  |2 21 
100 0 |a Bouvier, Léon  |9 348816 
245 1 3 |a Le précepte de l'aumône chez Saint Thomas D'Aquin 
260 0 3 |a Montreal, Canada  |b s.n  |c 1935 
300 |a 199 páginas 
490 0 |a Studia Collegii Maximi Immaculatae Conceptionis  |v 1 
583 |a last modification  |c 20130321 12:02:04  |k Rodrigo Vera 
600 0 |a Tomás de Aquino  |d 1220-1274  |c Santo  |9 255832 
650 0 |a Escolasticismo  |9 264998 
650 7 |a DOCTRINAS RELIGIOSAS  |2 CL-VaPUC  |9 337177 
650 0 |a Tomismo  |9 259214 
650 0 |a Teología   |9 258766 
650 0 |a Filosofía cristiana   |9 265980 
942 |c BK  |2 ddc 
945 |d 19951110 00:00:00  |a lriquelm 
952 |0 0  |1 0  |2 ddc  |4 0  |6 189_400000000000000_BOU_1935  |7 0  |8 P  |9 253384  |a BIBEDU  |b BIBEDU  |c BIBEDU_PB  |d 2019-11-19  |i 1572113  |o 189.4 BOU 1935  |p 1572113  |r 2024-01-25  |t 1  |w 2019-11-19  |y BK  |k FIL